[Event "World Senior Championship F50+/F65+"]
[Site "Katerini"]
[Date "2014.10.24"]
[Round "1.1"]
[White "Gaprindashvili, Nona"]
[Black "Khmiadashvili, Tamar"]
[Result "1-0"]
[WhiteElo "2299"]
[BlackElo "2090"]
[EventDate "2014.10.24"]

1. d4 {[%clk 1:30:48]} d5 {[%clk 1:30:03]} 2. c4 {[%clk 1:31:10]} e6
{[%clk 1:30:27]} 3. Nf3 {[%clk 1:31:19]} Nf6 {[%clk 1:30:48]} 4. Nc3
{[%clk 1:31:39]} Be7 {[%clk 1:31:02]} 5. Bg5 {[%clk 1:31:59]} Nbd7
{[%clk 1:30:52]} 6. e3 {[%clk 1:32:10]} O-O {[%clk 1:31:12]} 7. cxd5 Nxd5
{[%clk 1:30:10]} 8. Bxe7 {[%clk 1:28:04]} Qxe7 {[%clk 1:30:17]} 9. Bd3
{[%clk 1:26:55]} Nxc3 {[%clk 1:29:45]} 10. bxc3 {[%clk 1:27:23]} e5
{[%clk 1:29:50]} 11. Qc2 {[%clk 1:26:25]} g6 {[%clk 1:27:30]} 12. O-O
{[%clk 1:24:13]} f5 {[%clk 1:17:06]} 13. e4 {[%clk 1:22:16]} f4 {[%clk 1:15:43]}
14. Rab1 {[%clk 1:20:24]} Kg7 {[%clk 1:12:04]} 15. Qa4 {[%clk 1:16:33]} c6
{[%clk 0:54:21]} 16. Rfc1 {[%clk 1:03:56]} g5 {[%clk 0:52:14]} 17. Qa5
{[%clk 0:51:14]} g4 {[%clk 0:48:20]} 18. Nxe5 {[%clk 0:50:37]} Nxe5
{[%clk 0:47:20]} 19. dxe5 {[%clk 0:50:01]} Be6 {[%clk 0:39:27]} 20. Bf1
{[%clk 0:48:14]} b6 {[%clk 0:36:40]} 21. Qa4 {[%clk 0:47:45]} g3 {[%clk 0:19:56]}
22. Qxc6 {[%clk 0:37:50]} Qh4 {[%clk 0:12:26]} 23. hxg3 {[%clk 0:36:53]} fxg3
{[%clk 0:12:25]} 24. fxg3 {[%clk 0:37:22]} Qh6 {[%clk 0:12:33]} 25. Re1
{[%clk 0:33:08]} Rac8 {[%clk 0:10:00]} 26. Qa4 {[%clk 0:33:17]} Rxc3
{[%clk 0:07:42]} 27. Qxa7+ {[%clk 0:33:33]} Rf7 {[%clk 0:06:46]} 28. Qxb6
{[%clk 0:33:53]} Rxg3 {[%clk 0:06:27]} 29. Rb2 {[%clk 0:33:15]} Rg6
{[%clk 0:04:31]} 30. Qd4 {[%clk 0:29:20]} Rg4 {[%clk 0:02:12]} 31. Rf2
{[%clk 0:25:49]} Rxf2 {[%clk 0:01:39]} 32. Qxf2 {[%clk 0:26:16]} Rf4
{[%clk 0:01:23]} 33. Qe3 {[%clk 0:15:09]} Bxa2 {[%clk 0:01:00]} 34. Qa7+
{[%clk 0:12:00]} Bf7 {[%clk 0:01:28]} 35. Bc4 {[%clk 0:12:15]} Kg8
{[%clk 0:01:09]} 36. Bd5 {[%clk 0:08:30]} Qh4 {[%clk 0:00:51]} 37. Rc1
{[%clk 0:07:22]} Bxd5 {[%clk 0:00:45]} 38. exd5 {[%clk 0:07:49]} Rf8
{[%clk 0:00:59]} 39. Qe3 {[%clk 0:07:57]} Qe7 {[%clk 0:00:45]} 40. Qg3+
{[%clk 0:35:58]} Kh8 {[%clk 0:31:02]} 41. e6 {[%clk 0:35:55]} Qa7+
{[%clk 0:30:30]} 42. Kh2 {[%clk 0:35:48]} Rd8 {[%clk 0:23:05]} 43. Rc7
{[%clk 0:35:20]} Qd4 {[%clk 0:23:17]} 44. e7 {[%clk 0:33:07]} Re8
{[%clk 0:21:16]} 45. d6 {[%clk 0:33:26]} Qd1 {[%clk 0:16:55]} 46. Qe5+
{[%clk 0:32:37]} 1-0

[Event "World Senior Championship F50+/F65+"]
[Site "Katerini"]
[Date "2014.10.24"]
[Round "1.2"]
[White "Birkholz, Olga"]
[Black "Strutinskaia, Galina"]
[Result "0-1"]
[WhiteElo "2067"]
[BlackElo "2287"]
[EventDate "2014.10.24"]

1. Nf3 {[%clk 1:30:43]} f5 {[%clk 1:30:46]} 2. e4 fxe4 {[%clk 1:31:08]} 3. Ng5
{[%clk 1:27:02]} d5 {[%clk 1:30:23]} 4. d3 {[%clk 1:27:24]} Qd6 {[%clk 1:30:11]}
5. g3 {[%clk 1:24:17]} Nf6 {[%clk 1:24:13]} 6. dxe4 {[%clk 1:22:35]} h6
{[%clk 1:24:12]} 7. Nh3 {[%clk 1:22:07]} dxe4 {[%clk 1:22:40]} 8. Nf4
{[%clk 1:19:36]} Bf5 {[%clk 1:15:29]} 9. Nc3 {[%clk 1:14:46]} c6 {[%clk 1:13:57]}
10. h3 {[%clk 1:05:05]} e5 {[%clk 1:11:07]} 11. Ng2 {[%clk 1:04:58]} Nbd7
{[%clk 1:10:30]} 12. Ne3 {[%clk 1:02:58]} Bg6 {[%clk 1:08:56]} 13. Bg2
{[%clk 1:00:07]} Nc5 {[%clk 1:05:47]} 14. O-O {[%clk 0:58:30]} Rd8
{[%clk 1:04:17]} 15. Qe2 {[%clk 0:56:11]} Be7 {[%clk 1:03:00]} 16. Nc4
{[%clk 0:52:03]} Qc7 {[%clk 1:00:26]} 17. Be3 {[%clk 0:48:08]} O-O
{[%clk 0:58:22]} 18. b4 {[%clk 0:42:58]} Ne6 {[%clk 0:54:39]} 19. Bxa7
{[%clk 0:43:17]} Nd4 {[%clk 0:55:02]} 20. Bxd4 {[%clk 0:43:30]} Rxd4
{[%clk 0:55:22]} 21. a3 {[%clk 0:39:34]} Nd5 {[%clk 0:54:00]} 22. Nd1
{[%clk 0:33:03]} Nf6 {[%clk 0:49:35]} 23. c3 {[%clk 0:31:57]} Rd3
{[%clk 0:46:01]} 24. Nd2 {[%clk 0:29:51]} e3 {[%clk 0:46:01]} 25. Nxe3
{[%clk 0:26:21]} Rxc3 {[%clk 0:46:19]} 26. Rfc1 {[%clk 0:26:25]} Rxc1+
{[%clk 0:41:42]} 27. Rxc1 {[%clk 0:26:53]} Re8 {[%clk 0:40:37]} 28. Ng4
{[%clk 0:23:42]} Nxg4 {[%clk 0:36:18]} 29. Qxg4 {[%clk 0:23:53]} Bg5
{[%clk 0:34:48]} 30. Rd1 {[%clk 0:22:32]} Qf7 {[%clk 0:34:28]} 31. Qe2
{[%clk 0:17:44]} Rd8 {[%clk 0:33:49]} 32. Nf3 {[%clk 0:15:10]} Rxd1+
{[%clk 0:33:12]} 33. Qxd1 {[%clk 0:15:39]} Bf6 {[%clk 0:33:15]} 34. Qd6
{[%clk 0:13:26]} Qa2 {[%clk 0:31:05]} 35. Qb8+ {[%clk 0:09:14]} Kh7
{[%clk 0:31:29]} 36. Qxb7 {[%clk 0:09:17]} e4 {[%clk 0:31:38]} 37. Nh4
{[%clk 0:08:03]} Bd4 {[%clk 0:31:27]} 0-1

[Event "World Senior Championship F50+/F65+"]
[Site "Katerini"]
[Date "2014.10.24"]
[Round "1.3"]
[White "Priedite, Ingrida"]
[Black "Khropova, Larisa"]
[Result "1/2-1/2"]
[WhiteElo "2225"]
[BlackElo "2026"]
[EventDate "2014.10.24"]

1. c4 {[%clk 1:30:55]} Nf6 {[%clk 1:23:29]} 2. Nc3 {[%clk 1:30:52]} e6
{[%clk 1:22:48]} 3. g3 {[%clk 1:30:22]} d5 {[%clk 1:21:46]} 4. Bg2
{[%clk 1:29:48]} c6 {[%clk 1:21:46]} 5. b3 {[%clk 1:29:38]} d4 {[%clk 1:19:37]}
6. Ne4 {[%clk 1:29:43]} c5 {[%clk 1:16:50]} 7. Nxf6+ {[%clk 1:24:01]} Qxf6
{[%clk 1:12:58]} 8. d3 {[%clk 1:24:17]} Nc6 {[%clk 1:11:37]} 9. Nf3
{[%clk 1:24:02]} h6 {[%clk 1:11:29]} 10. O-O {[%clk 1:23:39]} Qd8
{[%clk 1:06:20]} 11. e3 {[%clk 1:17:04]} Be7 {[%clk 1:05:36]} 12. Bb2
{[%clk 1:05:39]} O-O {[%clk 1:03:45]} 13. exd4 {[%clk 1:04:17]} Bf6
{[%clk 0:55:15]} 14. Ne5 {[%clk 0:58:04]} Nxd4 {[%clk 0:53:56]} 15. f4
{[%clk 0:58:10]} Rb8 {[%clk 0:38:56]} 16. Qd2 {[%clk 0:56:05]} Bxe5
{[%clk 0:37:55]} 17. fxe5 {[%clk 0:56:02]} b6 {[%clk 0:37:54]} 18. Qf2
{[%clk 0:53:55]} Nf5 {[%clk 0:32:56]} 19. Rad1 {[%clk 0:54:04]} Bb7
{[%clk 0:32:50]} 20. d4 {[%clk 0:53:22]} Nxd4 {[%clk 0:30:45]} 21. Bxd4
{[%clk 0:53:31]} cxd4 {[%clk 0:31:10]} 22. Qxd4 {[%clk 0:50:25]} Bxg2
{[%clk 0:30:36]} 23. Qxd8 {[%clk 0:48:06]} Rfxd8 {[%clk 0:30:40]} 24. Kxg2
{[%clk 0:48:28]} Kf8 {[%clk 0:30:44]} 25. Kf3 {[%clk 0:41:20]} Ke7
{[%clk 0:30:40]} 26. Ke4 {[%clk 0:39:35]} Rbc8 {[%clk 0:29:50]} 27. g4
{[%clk 0:38:17]} f6 {[%clk 0:28:51]} 28. h4 {[%clk 0:37:03]} Rxd1
{[%clk 0:26:42]} 29. Rxd1 {[%clk 0:37:24]} Rc5 {[%clk 0:26:53]} 30. exf6+
{[%clk 0:36:20]} gxf6 {[%clk 0:26:51]} 31. Rd2 {[%clk 0:32:54]} a5
{[%clk 0:24:31]} 32. Kd4 {[%clk 0:19:24]} h5 {[%clk 0:24:02]} 33. gxh5
{[%clk 0:19:14]} Rxh5 {[%clk 0:24:27]} 34. Rh2 {[%clk 0:19:35]} Kd6
{[%clk 0:24:35]} 35. a3 {[%clk 0:18:26]} f5 {[%clk 0:21:51]} 36. b4
{[%clk 0:18:24]} axb4 {[%clk 0:22:02]} 37. axb4 {[%clk 0:18:49]} e5+
{[%clk 0:22:22]} 38. Ke3 {[%clk 0:18:56]} Ke6 {[%clk 0:21:18]} 39. Kf3
{[%clk 0:11:46]} Kf6 {[%clk 0:16:59]} 40. Kg3 {[%clk 0:36:16]} Rh8
{[%clk 0:43:13]} 41. c5 {[%clk 0:30:24]} bxc5 {[%clk 0:42:38]} 42. bxc5
{[%clk 0:30:48]} Rc8 {[%clk 0:38:20]} 43. Rc2 {[%clk 0:30:51]} Rc6
{[%clk 0:37:54]} 44. Rc1 {[%clk 0:29:44]} Kg6 {[%clk 0:37:26]} 45. Rc4
{[%clk 0:27:59]} Kh5 {[%clk 0:37:28]} 46. Kf3 {[%clk 0:28:02]} Kg6
{[%clk 0:34:11]} 47. Kg3 {[%clk 0:27:51]} Kf6 {[%clk 0:33:20]} 48. Kf3
{[%clk 0:27:56]} Ke6 {[%clk 0:31:25]} 49. Rc2 {[%clk 0:27:39]} Kf6
{[%clk 0:28:54]} 50. Rc4 {[%clk 0:27:52]} Kg6 {[%clk 0:29:09]} 51. Rc2 1/2-1/2

[Event "World Senior Championship F50+/F65+"]
[Site "Katerini"]
[Date "2014.10.24"]
[Round "1.4"]
[White "Ungure, Liga"]
[Black "Fatalibekova, Elena"]
[Result "1/2-1/2"]
[WhiteElo "1997"]
[BlackElo "2215"]
[EventDate "2014.10.24"]

1. e4 {[%clk 1:30:57]} c5 {[%clk 1:30:35]} 2. Nf3 {[%clk 1:31:11]} Nc6
{[%clk 1:30:52]} 3. Bb5 {[%clk 1:31:36]} e6 {[%clk 1:29:48]} 4. O-O
{[%clk 1:31:47]} Nge7 {[%clk 1:30:08]} 5. c3 {[%clk 1:30:09]} d5 {[%clk 1:28:25]}
6. exd5 {[%clk 1:28:18]} Qxd5 {[%clk 1:28:36]} 7. d4 {[%clk 1:26:11]} cxd4
{[%clk 1:25:12]} 8. c4 {[%clk 1:20:03]} Qd6 {[%clk 1:22:48]} 9. Nxd4
{[%clk 1:13:04]} Bd7 {[%clk 1:20:50]} 10. Be3 {[%clk 1:09:48]} Nxd4
{[%clk 1:09:48]} 11. Bxd7+ {[%clk 1:01:34]} Qxd7 {[%clk 1:10:16]} 12. Qxd4
{[%clk 1:00:13]} Qxd4 {[%clk 1:07:50]} 13. Bxd4 {[%clk 1:00:41]} Nf5
{[%clk 1:03:16]} 14. Bc3 {[%clk 0:56:35]} O-O-O {[%clk 1:00:53]} 15. Nd2
{[%clk 0:51:01]} Nd4 {[%clk 1:00:19]} 16. Rae1 {[%clk 0:47:58]} Be7
{[%clk 0:53:58]} 17. Ne4 {[%clk 0:37:35]} Rd7 {[%clk 0:48:56]} 18. f4
{[%clk 0:27:05]} h6 {[%clk 0:43:24]} 19. Kh1 {[%clk 0:26:37]} Rhd8
{[%clk 0:42:38]} 20. b3 {[%clk 0:24:49]} g6 {[%clk 0:36:23]} 21. g3
{[%clk 0:22:34]} b6 {[%clk 0:32:04]} 22. Nf2 {[%clk 0:13:58]} a5 {[%clk 0:31:36]}
23. Ng4 {[%clk 0:13:11]} Bb4 {[%clk 0:21:47]} 24. Bxb4 {[%clk 0:11:52]} axb4
{[%clk 0:21:57]} 1/2-1/2

[Event "World Senior Championship F50+/F65+"]
[Site "Katerini"]
[Date "2014.10.24"]
[Round "1.5"]
[White "Saunina, Ludmila"]
[Black "Sinchurina, Tatiana"]
[Result "1-0"]
[WhiteElo "2190"]
[BlackElo "1985"]
[EventDate "2014.10.24"]

1. e4 {[%clk 1:30:57]} c5 {[%clk 1:29:16]} 2. Nf3 {[%clk 1:31:20]} Nc6
{[%clk 1:29:39]} 3. Bb5 {[%clk 1:31:23]} a6 {[%clk 1:29:36]} 4. Bxc6
{[%clk 1:31:39]} bxc6 {[%clk 1:29:57]} 5. O-O {[%clk 1:31:55]} d6
{[%clk 1:26:03]} 6. h3 {[%clk 1:32:02]} g6 {[%clk 1:26:07]} 7. d3
{[%clk 1:31:55]} Bg7 {[%clk 1:26:17]} 8. Nbd2 {[%clk 1:31:44]} e6
{[%clk 1:24:34]} 9. Nc4 {[%clk 1:32:00]} Ne7 {[%clk 1:23:22]} 10. Bd2
{[%clk 1:32:07]} Rb8 {[%clk 1:21:19]} 11. Ba5 {[%clk 1:29:05]} Qd7
{[%clk 1:20:48]} 12. e5 {[%clk 1:28:02]} dxe5 {[%clk 1:02:36]} 13. Ncxe5
{[%clk 1:27:27]} Qb7 {[%clk 0:58:32]} 14. Nc4 {[%clk 1:26:00]} O-O
{[%clk 0:57:57]} 15. Bb6 {[%clk 1:24:18]} Nd5 {[%clk 0:38:57]} 16. Bxc5
{[%clk 1:24:12]} Rd8 {[%clk 0:36:04]} 17. a4 {[%clk 1:15:22]} Qc7
{[%clk 0:35:57]} 18. Qc1 {[%clk 1:12:42]} a5 {[%clk 0:28:48]} 19. Rb1
{[%clk 1:09:12]} Ba6 {[%clk 0:28:34]} 20. Nfd2 {[%clk 1:05:37]} Qf4
{[%clk 0:26:25]} 21. Re1 {[%clk 1:02:24]} Bh6 {[%clk 0:23:50]} 22. Qd1
{[%clk 1:00:05]} Bg7 {[%clk 0:21:36]} 23. Qg4 {[%clk 0:54:57]} Qc7
{[%clk 0:16:27]} 24. Qg3 {[%clk 0:51:24]} Qxg3 25. fxg3 Nb4 {[%clk 0:13:10]} 26.
Bxb4 {[%clk 0:49:52]} axb4 {[%clk 0:13:20]} 27. b3 {[%clk 0:44:31]} Rd5
{[%clk 0:12:36]} 28. Ne3 {[%clk 0:44:12]} Bd4 {[%clk 0:12:03]} 29. Nf3
{[%clk 0:38:04]} Bb6 {[%clk 0:11:04]} 30. Kf1 {[%clk 0:38:14]} Rd6
{[%clk 0:05:52]} 31. Ne5 {[%clk 0:37:34]} Bd4 {[%clk 0:04:53]} 32. N3c4
{[%clk 0:33:57]} Bxc4 {[%clk 0:04:35]} 33. Nxc4 {[%clk 0:31:41]} Rd5
{[%clk 0:04:40]} 34. Re4 {[%clk 0:31:41]} Bc3 {[%clk 0:04:26]} 35. Ke2
{[%clk 0:30:43]} Kf8 {[%clk 0:03:56]} 36. Rf1 {[%clk 0:30:53]} Ke7
{[%clk 0:03:44]} 37. g4 {[%clk 0:30:19]} h6 {[%clk 0:03:36]} 38. Ne3
{[%clk 0:29:06]} Rd6 {[%clk 0:03:13]} 39. Rc4 {[%clk 0:28:18]} Rb6
{[%clk 0:02:12]} 40. Rxc3 {[%clk 0:27:38]} bxc3 {[%clk 0:01:07]} 41. Nc4
{[%clk 0:58:07]} Rb7 {[%clk 0:31:19]} 42. Nxd6 {[%clk 0:58:32]} Kxd6
{[%clk 0:31:39]} 43. Rf4 {[%clk 0:58:42]} c5 {[%clk 0:31:00]} 44. Rc4
{[%clk 0:58:03]} e5 {[%clk 0:30:30]} 45. Ke3 {[%clk 0:58:18]} Kd5
{[%clk 0:30:25]} 46. Rxc3 {[%clk 0:57:44]} f5 {[%clk 0:30:41]} 47. Rc4
{[%clk 0:57:26]} f4+ {[%clk 0:29:23]} 48. Kf3 {[%clk 0:57:30]} g5
{[%clk 0:27:14]} 49. a5 {[%clk 0:57:09]} Ra7 {[%clk 0:22:11]} 50. Ra4
{[%clk 0:57:34]} 1-0

[Event "World Senior Championship F50+/F65+"]
[Site "Katerini"]
[Date "2014.10.24"]
[Round "1.7"]
[White "Mednikova, Svetlana"]
[Black "Baliuniene, Margarita"]
[Result "1-0"]
[WhiteElo "2154"]
[BlackElo "1961"]
[EventDate "2014.10.24"]

1. e4 {[%clk 1:30:54]} c5 2. Nf3 g6 {[%clk 1:30:27]} 3. d4 {[%clk 1:29:22]} cxd4
{[%clk 1:30:52]} 4. Qxd4 {[%clk 1:29:24]} Nf6 {[%clk 1:31:14]} 5. Bb5
{[%clk 1:29:00]} Nc6 {[%clk 1:26:32]} 6. Qa4 {[%clk 1:23:55]} Bg7
{[%clk 1:25:31]} 7. Nc3 {[%clk 1:22:48]} O-O {[%clk 1:23:04]} 8. e5
{[%clk 1:19:52]} Ne8 {[%clk 1:22:16]} 9. Bf4 {[%clk 1:10:51]} a6 {[%clk 1:21:03]}
10. O-O-O {[%clk 0:55:11]} Nc7 {[%clk 1:14:44]} 11. Bxc6 {[%clk 0:51:04]} bxc6
{[%clk 1:15:09]} 12. h4 {[%clk 0:44:36]} Ne6 {[%clk 1:06:32]} 13. Be3
{[%clk 0:40:43]} f6 {[%clk 1:02:41]} 14. exf6 {[%clk 0:36:54]} exf6
{[%clk 1:02:10]} 15. h5 {[%clk 0:30:51]} g5 {[%clk 0:59:06]} 16. h6
{[%clk 0:30:05]} Bh8 {[%clk 0:59:31]} 17. Nd4 {[%clk 0:22:32]} Nxd4
{[%clk 0:42:47]} 18. Bxd4 {[%clk 0:22:37]} Qc7 {[%clk 0:41:31]} 19. Bc5
{[%clk 0:22:01]} Rf7 {[%clk 0:36:14]} 20. Rhe1 {[%clk 0:17:56]} Bb7
{[%clk 0:36:21]} 21. Bd6 {[%clk 0:14:47]} Qb6 {[%clk 0:36:15]} 22. Qc4
{[%clk 0:12:09]} Raf8 {[%clk 0:13:23]} 23. Re7 {[%clk 0:11:06]} Bc8
{[%clk 0:10:18]} 24. Rde1 {[%clk 0:10:47]} Qd8 {[%clk 0:09:59]} 25. f4
{[%clk 0:04:37]} gxf4 {[%clk 0:02:33]} 26. Qxf4 {[%clk 0:04:18]} Rxe7
{[%clk 0:02:58]} 27. Rxe7 {[%clk 0:03:52]} Rf7 {[%clk 0:03:11]} 28. Qg3+
{[%clk 0:02:44]} Bg7 {[%clk 0:02:40]} 29. Rxf7 {[%clk 0:03:01]} 1-0

[Event "World Senior Championship F50+/F65+"]
[Site "Katerini"]
[Date "2014.10.24"]
[Round "1.8"]
[White "Kabanova, Irina"]
[Black "Bogumil, Tatiana"]
[Result "1/2-1/2"]
[WhiteElo "1933"]
[BlackElo "2149"]
[EventDate "2014.10.24"]

1. e4 {[%clk 1:30:57]} c5 {[%clk 1:30:36]} 2. Nf3 {[%clk 1:31:12]} Nc6
{[%clk 1:29:46]} 3. d4 {[%clk 1:31:22]} cxd4 {[%clk 1:29:56]} 4. Nxd4
{[%clk 1:31:23]} Nf6 {[%clk 1:29:25]} 5. Nc3 {[%clk 1:31:37]} d6 {[%clk 1:28:58]}
6. Be2 {[%clk 1:30:13]} a6 {[%clk 1:28:02]} 7. O-O {[%clk 1:28:52]} e5
{[%clk 1:23:10]} 8. Nb3 {[%clk 1:28:27]} h6 {[%clk 1:17:49]} 9. Be3
{[%clk 1:26:24]} b5 {[%clk 1:10:08]} 10. a3 {[%clk 1:26:01]} Be6 {[%clk 1:10:12]}
11. Bf3 {[%clk 1:21:43]} Qc7 {[%clk 1:08:38]} 12. Qd2 {[%clk 1:18:36]} Rc8
{[%clk 1:04:58]} 13. Rac1 {[%clk 1:11:11]} Nb8 {[%clk 1:02:54]} 14. Rfe1
{[%clk 1:01:14]} Nbd7 {[%clk 1:01:30]} 15. Ne2 {[%clk 0:49:40]} Be7
{[%clk 0:50:48]} 16. Ng3 {[%clk 0:49:07]} Ng4 {[%clk 0:33:02]} 17. Bxg4
{[%clk 0:48:30]} Bxg4 {[%clk 0:33:31]} 18. h3 {[%clk 0:48:33]} Be6
{[%clk 0:33:54]} 19. Nh5 {[%clk 0:44:41]} g5 {[%clk 0:17:41]} 20. Ng7+
{[%clk 0:42:04]} Kf8 {[%clk 0:18:03]} 21. Nxe6+ {[%clk 0:41:07]} fxe6
{[%clk 0:18:29]} 22. Qe2 {[%clk 0:29:52]} Qc4 {[%clk 0:14:02]} 23. Qf3+
{[%clk 0:16:03]} Kg7 {[%clk 0:13:45]} 24. Bd2 {[%clk 0:14:04]} Rhf8
{[%clk 0:13:41]} 25. Qe2 {[%clk 0:13:53]} Nb6 {[%clk 0:10:57]} 26. Qg4
{[%clk 0:12:01]} Rf6 {[%clk 0:09:48]} 27. Be3 {[%clk 0:06:11]} Qc7
{[%clk 0:05:28]} 28. Nd2 {[%clk 0:05:41]} Nc4 {[%clk 0:04:39]} 29. Nxc4
{[%clk 0:05:16]} bxc4 {[%clk 0:04:49]} 30. b3 {[%clk 0:05:01]} Qa5
{[%clk 0:03:36]} 31. a4 {[%clk 0:05:17]} Qb4 {[%clk 0:03:28]} 32. Rb1
{[%clk 0:04:08]} Rc7 {[%clk 0:03:06]} 33. Qd1 {[%clk 0:04:06]} Bf8
{[%clk 0:02:18]} 34. f3 {[%clk 0:03:58]} Rd7 {[%clk 0:02:04]} 35. Qe2
{[%clk 0:04:07]} Rc7 {[%clk 0:01:33]} 36. Bd2 {[%clk 0:04:23]} c3
{[%clk 0:01:07]} 37. Be3 {[%clk 0:04:51]} Rc6 {[%clk 0:01:08]} 38. Red1
{[%clk 0:05:02]} Rf7 {[%clk 0:01:17]} 39. Rd3 {[%clk 0:05:14]} Rd7
{[%clk 0:01:08]} 40. Rbd1 {[%clk 0:35:19]} Be7 {[%clk 0:31:23]} 41. Qf2
{[%clk 0:35:23]} Qb8 {[%clk 0:23:19]} 42. Qg3 {[%clk 0:35:17]} Kh7
{[%clk 0:19:39]} 43. Qg4 {[%clk 0:29:45]} Qg8 {[%clk 0:19:52]} 44. Qg3
{[%clk 0:28:30]} Bf6 {[%clk 0:17:44]} 45. Qe1 {[%clk 0:28:38]} Qc8
{[%clk 0:15:59]} 46. Qg3 {[%clk 0:28:36]} a5 {[%clk 0:15:40]} 47. Qg4
{[%clk 0:28:21]} Qe8 {[%clk 0:15:00]} 48. Qg3 {[%clk 0:28:33]} Qf7
{[%clk 0:14:42]} 49. Qe1 {[%clk 0:20:26]} d5 {[%clk 0:12:09]} 50. Bf2
{[%clk 0:20:16]} d4 {[%clk 0:10:02]} 51. h4 {[%clk 0:20:31]} gxh4
{[%clk 0:08:47]} 52. Bxh4 {[%clk 0:20:41]} Bxh4 {[%clk 0:08:44]} 53. Qxh4
{[%clk 0:20:59]} Qg6 {[%clk 0:09:01]} 54. Qh2 {[%clk 0:18:02]} Rg7
{[%clk 0:06:14]} 55. Kf2 {[%clk 0:17:42]} Rc8 {[%clk 0:05:57]} 56. g4
{[%clk 0:13:35]} Rf8 {[%clk 0:06:04]} 57. Rh1 {[%clk 0:12:23]} Rf4
{[%clk 0:04:39]} 58. Ke2 {[%clk 0:11:42]} Qf6 {[%clk 0:03:02]} 59. Rg1
{[%clk 0:10:58]} Qe7 {[%clk 0:03:04]} 60. Rxd4 {[%clk 0:09:34]} Rxf3
{[%clk 0:02:10]} 61. Qxe5 {[%clk 0:08:31]} Qf7 {[%clk 0:01:18]} 62. Qh2
{[%clk 0:08:41]} Rf6 {[%clk 0:00:35]} 63. Rd3 {[%clk 0:08:23]} Qb7
{[%clk 0:00:48]} 64. Qe5 {[%clk 0:06:02]} Rfg6 {[%clk 0:00:43]} 65. Rdg3
{[%clk 0:05:34]} Rg5 {[%clk 0:00:58]} 66. Qf4 {[%clk 0:04:56]} Rf7
{[%clk 0:00:55]} 67. Qe3 {[%clk 0:04:57]} Re5 {[%clk 0:00:35]} 68. Qxc3
{[%clk 0:05:11]} Rxe4+ {[%clk 0:00:51]} 69. Re3 {[%clk 0:05:23]} Ref4
{[%clk 0:00:56]} 70. Ke1 {[%clk 0:05:02]} Qe7 {[%clk 0:01:08]} 71. Qd3+
{[%clk 0:05:20]} Kg7 {[%clk 0:01:27]} 72. Kd1 {[%clk 0:05:29]} Qf6
{[%clk 0:01:39]} 73. Qc3 {[%clk 0:05:27]} Rd4+ {[%clk 0:01:20]} 74. Kc1
{[%clk 0:05:34]} e5 {[%clk 0:01:28]} 75. Kb2 {[%clk 0:05:26]} Rd5
{[%clk 0:00:36]} 76. Rge1 {[%clk 0:05:21]} Re7 {[%clk 0:00:55]} 77. Rf3
{[%clk 0:05:38]} Qd6 {[%clk 0:01:02]} 78. Rd3 {[%clk 0:04:52]} Rxd3
{[%clk 0:00:37]} 79. Qxd3 {[%clk 0:05:19]} Qc5 {[%clk 0:00:35]} 80. Qe3
{[%clk 0:05:00]} Qb4 {[%clk 0:00:46]} 81. g5 {[%clk 0:05:17]} h5 {[%clk 0:01:00]}
82. Rf1 {[%clk 0:05:00]} Qd4+ {[%clk 0:00:34]} 83. Qxd4 {[%clk 0:05:23]} exd4
{[%clk 0:01:02]} 84. Rf3 {[%clk 0:05:03]} Kg6 {[%clk 0:01:19]} 85. Rd3
{[%clk 0:05:24]} Re4 {[%clk 0:01:02]} 86. Ka3 {[%clk 0:05:37]} h4
{[%clk 0:01:01]} 87. c3 {[%clk 0:06:04]} dxc3 {[%clk 0:01:05]} 88. Rxc3
{[%clk 0:06:33]} Re5 {[%clk 0:01:13]} 89. b4 {[%clk 0:06:46]} axb4+
{[%clk 0:01:32]} 90. Kxb4 {[%clk 0:07:10]} Kxg5 {[%clk 0:01:43]} 91. a5
{[%clk 0:07:31]} Re1 {[%clk 0:01:31]} 92. a6 {[%clk 0:07:44]} Rb1+
{[%clk 0:01:40]} 93. Rb3 {[%clk 0:07:51]} Ra1 {[%clk 0:01:41]} 94. Kb5
{[%clk 0:08:19]} Kg4 {[%clk 0:02:00]} 95. Kb6 {[%clk 0:07:06]} *

[Event "World Senior Championship F50+/F65+"]
[Site "Katerini"]
[Date "2014.10.24"]
[Round "1.9"]
[White "Melashvili, Nino"]
[Black "Hoose, Hannelore"]
[Result "1-0"]
[WhiteElo "2135"]
[BlackElo "1757"]
[EventDate "2014.10.24"]

1. Nf3 {[%clk 1:30:56]} Nf6 {[%clk 1:29:16]} 2. d4 {[%clk 1:31:21]} e6
{[%clk 1:25:35]} 3. Bf4 {[%clk 1:31:30]} c5 {[%clk 1:24:14]} 4. e3
{[%clk 1:26:23]} cxd4 {[%clk 1:21:22]} 5. exd4 {[%clk 1:25:05]} Nc6
{[%clk 1:17:56]} 6. c3 {[%clk 1:24:32]} h6 {[%clk 1:16:35]} 7. Bd3
{[%clk 1:23:31]} Nh5 {[%clk 1:15:43]} 8. Be3 {[%clk 1:23:41]} Nf6
{[%clk 1:15:41]} 9. O-O {[%clk 1:23:36]} Bd6 {[%clk 1:13:09]} 10. Nbd2
{[%clk 1:21:59]} O-O {[%clk 1:10:02]} 11. Nc4 {[%clk 1:17:48]} Bc7
{[%clk 1:10:13]} 12. Nce5 {[%clk 1:14:02]} Ne7 {[%clk 1:10:12]} 13. Nh4
{[%clk 1:08:34]} d6 {[%clk 1:09:44]} 14. Ng4 {[%clk 0:59:27]} Nxg4
{[%clk 1:03:58]} 15. Qxg4 {[%clk 0:59:52]} f5 {[%clk 1:04:02]} 16. Qg3
{[%clk 0:59:57]} d5 {[%clk 1:04:00]} 17. f4 {[%clk 0:53:39]} Qe8 {[%clk 1:02:11]}
18. Rae1 {[%clk 0:38:57]} Rf6 {[%clk 1:00:13]} 19. Qf3 {[%clk 0:27:30]} Ng6
{[%clk 0:56:39]} 20. Nxg6 {[%clk 0:25:07]} Qxg6 {[%clk 0:56:01]} 21. h3
{[%clk 0:25:18]} Qe8 {[%clk 0:55:00]} 22. Bf2 {[%clk 0:25:16]} Bd7
{[%clk 0:52:27]} 23. Bh4 {[%clk 0:25:24]} Rf8 {[%clk 0:50:31]} 24. c4
{[%clk 0:19:40]} dxc4 {[%clk 0:49:16]} 25. Bxc4 {[%clk 0:20:04]} Bb6
{[%clk 0:45:53]} 26. Bf2 {[%clk 0:20:02]} Rf6 {[%clk 0:44:53]} 27. d5
{[%clk 0:19:11]} Bxf2+ {[%clk 0:43:46]} 28. Rxf2 {[%clk 0:19:21]} Kh7
{[%clk 0:40:02]} 29. dxe6 {[%clk 0:17:25]} Bc6 {[%clk 0:39:55]} 30. Bd5
{[%clk 0:17:15]} Rc8 {[%clk 0:39:48]} 31. g4 {[%clk 0:11:49]} fxg4
{[%clk 0:31:58]} 32. hxg4 {[%clk 0:11:58]} Bxd5 {[%clk 0:24:17]} 33. Qxd5
{[%clk 0:12:20]} Qc6 {[%clk 0:24:15]} 34. Qxc6 {[%clk 0:07:10]} bxc6
{[%clk 0:24:21]} 35. f5 {[%clk 0:07:06]} g6 {[%clk 0:24:02]} 36. Rd1
{[%clk 0:05:50]} gxf5 {[%clk 0:20:01]} 37. gxf5 {[%clk 0:06:15]} Rc7
{[%clk 0:15:40]} 38. Rd6 {[%clk 0:03:10]} Rg7+ {[%clk 0:14:25]} 39. Kh2
{[%clk 0:03:31]} Re7 {[%clk 0:10:44]} 40. Rxc6 {[%clk 0:33:47]} Kg7
{[%clk 0:40:12]} 41. Kg3 {[%clk 0:33:04]} Rf8 {[%clk 0:39:08]} 42. Kf4
{[%clk 0:33:20]} Kf6 {[%clk 0:39:21]} 43. Rg2 {[%clk 0:33:46]} Rg7
{[%clk 0:39:20]} 44. e7+ {[%clk 0:34:05]} 1-0